000 00476nab a2200145Ia 4500
003 ES-SlBCS
005 20210601130447.0
008 140529s1955 xxu||||| |||| 00| 0 fre d
041 _afre
100 1 _aDevaux, André-A.
_97835
245 0 0 _aLa philosophie comme expérience totale selon René Le Senne
_c André-A. Dévaux
600 1 _aLe Senne, René-Filosofía
_9173267
773 0 _tGiornali di Metafisica
_gvol. 10, nº. 3, 1955, págs. 407-425
_w0017-0372
942 _cAR
999 _c547061
_d547061